000 01515cam a2200469 4500
003 PE-LiUPU
005 20250731173555.0
020 _a8430112944
035 _a(Sirsi) i9788430112944
035 _a(Sirsi) 20569
035 _a(Sirsi) 20569
041 _aes
044 _aes
082 0 4 _a282.07
_bK37
100 1 _aKehl, Medard
_d1942-
245 1 3 _aLa Iglesia; eclesiología católica /
_cMedard Kehl.
264 1 _aSalamanca :
_bEd. Sígueme,
_c1996.
300 _a446 páginas ;
_c21 cm.
490 0 _aColección Lux Mundi
_v71
504 _aBibliografía al pie de páginas.
505 0 _aLa perspectiva: la concepción renovada de la iglesia en el concilio vaticano II -- La percepción del fenómeno empírico de la iglesia -- Certificación histórica -- Actualización sistemática.
526 _aSEG42
526 _aSEG41
526 _aSEG40
526 _aSEG39
526 _aP94
526 _aP87
526 _aP86
526 _aP85
526 _aP77
526 _aP76
526 _aP35
650 1 4 _aIglesia Católica
_xDoctrinas.
650 2 4 _aIglesia.
942 _2ddc
_cBOOK
949 _a282.07 K37
_i43475
_lPOSTGRADO
_mBUL
_tLIBRO
_o.STAFF. Posgrado
859 _q43475
_h282.07
_iK37
910 _aaj-em
596 _a1
999 _a282.07 K37
_wDEWEY
_c61445
_i43475
_d61445
_f2021-11-12
_g5
_lCCODEBUL1
_mBUL
_q1
_r0
_sY
_tBOOK
_u2015-6-16
_xTEOLOGIA
_zUNKNOWN
_0COMPRA
_o.STAFF. Colección General
980 _81
_gALBERTO SANCHEZ Responsable de Automatización